Talking With Children And Young People About Death And Dying : Second Edition (Record no. 589995)

MARC details
000 -LEADER
fixed length control field 00389nam a22001337a 4500
008 - FIXED-LENGTH DATA ELEMENTS--GENERAL INFORMATION
fixed length control field 250928b |||||||| |||| 00| 0 eng d
020 ## - INTERNATIONAL STANDARD BOOK NUMBER
ISBN 9781843104414
Paper back/Hardbound pbk
041 ## - LANGUAGE CODE
Language code of text/sound track or separate title eng
082 ## - DEWEY DECIMAL CLASSIFICATION NUMBER
Classification number 155.937083
Item number TUR
100 ## - MAIN ENTRY--AUTHOR NAME
Personal name Turner Mary
245 ## - TITLE STATEMENT
Title Talking With Children And Young People About Death And Dying : Second Edition
Statement of responsibility, etc /Mary Turner
942 ## - ADDED ENTRY ELEMENTS (KOHA)
Koha item type English Books
Holdings
Withdrawn status Lost status Damaged status Not for loan Home library Current library Shelving location Date acquired Full call number Accession Number Price effective from Koha item type
        Anna Centenary Library Anna Centenary Library 3RD FLOOR, A WING 28.09.2025 155.937083 TUR 426017 28.09.2025 English Books

Find us on the map